logo

Bir Sreshtho Munshi Abdur Rouf Library
Jhenaidah Cadet College

Maxim Gorky collected works in ten volumes / (Record no. 9938)

MARC details
000 -LEADER
fixed length control field 00667nam a22002413 4500
001 - CONTROL NUMBER
JCCL Control Number 9938
003 - CONTROL NUMBER IDENTIFIER
JCCL marc code BD -JhCC
005 - DATE AND TIME OF LATEST TRANSACTION
control field 20180404095208.0
008 - FIXED-LENGTH DATA ELEMENTS--GENERAL INFORMATION
fixed length control field 180403s1978 xx 000 1 und d
035 ## - SYSTEM CONTROL NUMBER
system control number OCLC pks03725312 from D961007K
-- (BD -JhCC)9938
040 ## - CATALOGING SOURCE
Original cataloging agency EQO
Transcribing agency EQO
Modifying agency BD-JhCC
041 ## - LANGUAGE CODE
Language code of Book eng
082 ## - DEWEY DECIMAL CLASSIFICATION NUMBER
Author mark and Year GOR 1978
Classification number 891.74209
100 1# - MAIN ENTRY--PERSONAL NAME
Personal name Gorkey, Maxim
245 10 - TITLE STATEMENT
Title Maxim Gorky collected works in ten volumes /
Statement of responsibility, etc Gorkey, Maxim
260 ## - PUBLICATION, DISTRIBUTION, ETC. (IMPRINT)
Place of publication, distribution, etc Moscow :
Date of publication, distribution, etc 1978.
Name of publisher, distributor, etc Progress Publishers,
300 ## - PHYSICAL DESCRIPTION
Pagination 310 p. :
Dimensions 18 cm.
600 ## - SUBJECT ADDED ENTRY--PERSONAL NAME
Personal name Gorky, Maksim,
Dates associated with a name 1868-1936
700 1# - ADDED ENTRY--PERSONAL NAME
Personal name Charushin, E.
700 1# - ADDED ENTRY--PERSONAL NAME
Personal name Doglish, R.
942 ## - ADDED ENTRY ELEMENTS (KOHA)
Source of classification or shelving scheme Dewey Decimal Classification
Koha item type Reference
Holdings
Source of classification or shelving scheme volume number Damaged status Not for loan Home library Current library Shelving location Date of accession Total Checkouts Full call number Barcode Date last seen Copy number Koha item type
Dewey Decimal Classification V-2     JCC Rouf Library JCC Rouf Library General Stacks 04/03/2018   891.74209 GOR 1978 13342 04/03/2018 C-1 Reference

JCC Library | Contacts | JCC Home

Last Update on 23 September 2017
Copyright @ 2017-2020 JCC Rouf Library
Rouf Library, Jhenidah Cadet College (JCC), Bangladesh